Statystyki dla Kwiaty - jak je znasz?

Kliknij tutaj aby rozwiązać quiz!

Ogólne statystyki

  • Ten quiz został rozwiązany 560 razy
    (541 od ostatniego zresetowania)
  • Średni wynik to 19 z 58

Statystyki odpowiedzi

Odpowiedź% Poprawnych
Róża
100%
Tulipan
95%
Mak
90%
Bratek
80%
Lilia
80%
Stokrotka
80%
Żonkil
77%
Krokus
75%
Konwalia
74%
Goździk
70%
Lawenda
69%
Niezapominajka
68%
Słonecznik
66%
Chaber
57%
Koniczyna
52%
Mniszek
52%
Irys
44%
Narcyz
44%
Lilia wodna
42%
Dalia
41%
Pelargonia
41%
Storczyk
40%
Piwonia
39%
Rumianek
39%
Nagietek
30%
Hiacynt
29%
Aster
27%
Cynia
27%
Hortensja
26%
Aksamitka
24%
Fuksja
22%
Łubin
21%
Sasanka
21%
Zawilec
20%
Petunia
17%
Pierwiosnek
16%
Begonia
14%
Nasturcja
14%
Malwa
13%
Szafirek
10%
Floks
9%
Szarotka
8%
Jeżówka
6%
Mieczyk
6%
Glicynia
4%
Przylaszczka
4%
Kąkol
3%
Rudbekia
3%
Barwinek
2%
Bieluń
2%
Ostróżka
2%
Cykoria
1%
Czarnuszka
1%
Firletka
1%
Lobelia
1%
Miłek
1%
Wiesiołek
1%
Pantofelnik
0%

Rozkład punktacji

Percentyl według liczby udzielonych odpowiedzi

Procent ludzi z każdym wynikiem

Twoja historia wyników

Nie rozwiązałeś tego quizu od ostatniego zresetowania